LEADER 00729nam a2200205 i 4500 001 000000190548 003 CaOOAMICUS 005 20100621000000.0 008 100621s1928 it u000 u ita u 013 $a168961 040 $aSeMil$bita 245 10$aNotte oscura. Cantico spirituale. 300 $a369 p. 700 0 $aJuan : de la Cruz,$c.$0(OLS)http://semarc/name/3819 773 0 $tOpere.$dMilano : S. Lega Eucaristica, 1927-1929.$gVolume2$w()23436 850 $aSeMil 852 $aSeMil$W1$xVenegono$y1$m3H II 224$j141165$B141165$CSeMilBibl$Z2$F152772 $81 900 0 $aGiovanni : della Croce. 996 $6245$aNotte oscura. Cantico spirituale$9(OLS)http://semarc/title/274507